| 000 | 00865nam a22002417a 4500 | ||
|---|---|---|---|
| 005 | 20250415162752.0 | ||
| 008 | 250415b |||||||| |||| 00| 0 eng d | ||
| 020 | _a978-1-032-88023-5 (hbk) | ||
| 037 | _cTB | ||
| 040 |
_aCRL _cCRL |
||
| 041 |
_2eng _aeng |
||
| 084 |
_aV1:19 R4 _qCRL |
||
| 245 |
_aGlobal governance and international cooperation: _bManaging global catastrophic risks in the 21st century |
||
| 260 |
_aLondon, UK: _bRoutledge, _c2024. |
||
| 300 | _axxv, 493p. | ||
| 365 |
_b1995.00 _cINR |
||
| 650 | _aInternational Relations | ||
| 650 | _aHistory | ||
| 700 |
_aFalk, Richard (Editer) _9752321 |
||
| 700 |
_aClaros, Augusto Lopez (Editer) _9752322 |
||
| 942 |
_2CC _cTB _hV1:19 R4 _n0 |
||
| 999 |
_c1309026 _d1309026 |
||